Electronic Design (1999 - (Record no. 274999)

MARC details
000 -LEADER
fixed length control field 00383nam a2200145Ia 4500
008 - FIXED-LENGTH DATA ELEMENTS--GENERAL INFORMATION
fixed length control field 240126s9999 xx 000 0 und d
041 ## - LANGUAGE CODE
Language code of text/sound track or separate title English
082 ## - DEWEY DECIMAL CLASSIFICATION NUMBER
Classification number LIBRARY-XXI
245 #0 - TITLE STATEMENT
Title Electronic Design (1999 -
260 ## - PUBLICATION, DISTRIBUTION, ETC.
Name of publisher, distributor, etc. Penton Media Inc
Place of publication, distribution, etc. Penton Publication
440 ## - SERIES STATEMENT/ADDED ENTRY--TITLE
Title NULL
650 ## - SUBJECT ADDED ENTRY--TOPICAL TERM
Topical term or geographic name entry element (1999,-,Electronic Engineering
650 ## - SUBJECT ADDED ENTRY--TOPICAL TERM
Topical term or geographic name entry element Electronic Engineering
942 ## - ADDED ENTRY ELEMENTS (KOHA)
Koha item type Journals
Holdings
Date last seen Total checkouts Full call number Accession number Volume/Issue Number Price effective from Category Lost status Damaged status Department Withdrawn status Home library Current library Shelving location Entry date Vendor Grants Currency symbol Conversion rate Discount Old discount
26/01/2024   LIBRARY-XXI JN32438 63(3)(Mar, 2015) 26/01/2024 Journals     Central Library   Central Library Central Library     Surya Infotainment Products Pvt. Ltd. EC USD 48.8    

© For any Suggestions or Query, please contact the library staff @ librarian@pes.edu or Phone: +9180 2672 1983/ 2108.